Online Catalogue and eLibrary

Narratology introduction to the theory of narrative (Record no. 3123)

MARC details
000 -LEADER
fixed length control field 00579nam a2200169Ia 4500
005 - DATE AND TIME OF LATEST TRANSACTION
control field 20240930005057.0
008 - FIXED-LENGTH DATA ELEMENTS--GENERAL INFORMATION
fixed length control field 240331s9999 xx 000 0 und d
020 ## - INTERNATIONAL STANDARD BOOK NUMBER
ISBN 0802078060
082 ## - DDC Classification
Item Number - Author Mark Bal
Class No. 808
100 ## - MAIN ENTRY--PERSONAL NAME
Personal name Bal, M
245 #0 - TITLE STATEMENT
Title Narratology introduction to the theory of narrative
250 ## - EDITION STATEMENT
Edition statement 2nd
260 ## - PUBLICATION, DISTRIBUTION, ETC.
Place of publication, distribution, etc. London
Name of publisher, distributor, etc. University of Toronto press
Date of publication, distribution, etc. 1997
300 ## - PHYSICAL DESCRIPTION
Extent (e.g. Volumes, Pages etc.) xv, 254 p .,
500 ## - GENERAL NOTE
General note This introduction to narratology aims at presenting a systematic account of a theory of narrative for use in the study of literary and other narrative texts.
942 ## - Koha item type (Biblio)
Koha item type Books in Stacks (Lending)
Holdings
Lost status Damaged status Collection code Home library Current library Shelving location Date acquired Full call number Accession Number Item type
    Lending WERC Library WERC Library Social Science Cupboard 03/31/2024 808.3 Bal 4424 Books in Stacks (Lending)

© WERC Library